[Event "EIWCC 2017"]
[Site "Riga"]
[Date "2017.04.11"]
[Round "1"]
[White "Isgandarova, Khayala"]
[Black "Gaponenko, Inna"]
[Result "1/2-1/2"]
[WhiteElo "2211"]
[BlackElo "2416"]
[Annotator "TA"]
[PlyCount "95"]
[EventDate "2017.??.??"]
[EventType "swiss"]
[EventCountry "LAT"]
[SourceTitle "playchess.com"]
[Source "ChessBase"]
[SourceQuality "1"]

{[%evp 6,95,13,-41,7,3,8,-28,0,8,0,8,17,0,8,0,33,0,0,0,17,25,22,30,27,-40,-22,-22,-18,-15,0,0,0,0,0,0,0,0,0,0,0,0,9,-32,0,0,0,0,0,0,0,0,0,0,0,-10,-10,-34,0,0,0,0,0,0,0,0,3,8,39,39,39,39,39,39,39,41,389,388,388,381,380,365,352,334,267,8,8,8,8,8,8,8]} 1. Nf3 c5 2. g3 Nc6 3. Bg2 e5 4. d3 {LiveBook: 138 Games} (4. c4 $11) 4... Nge7 {A04: Unusual lines after 1 Nf3 and King's Indian Attack} (4... d5 5. O-O Nf6 6. c4 Be7 7. Nc3 d4 8. Na4 h6 9. e4 O-O 10. a3 Bd7 11. Bd2 Rb8 12. Nh4 a6 13. b3 b5 14. Nb2 Re8 15. Nf5 {0-1 (47) Indjic,A (2419)-Perunovic,M (2696) Belgrade 2014}) 5. e4 g6 6. Be3 b6 $146 {Black has an edge.} (6... d6 7. c3 Bg7 8. O-O O-O 9. Na3 b6 10. Qd2 d5 11. exd5 Nxd5 12. Bg5 f6 13. Bh6 Bxh6 14. Qxh6 Nde7 15. Rfe1 g5 16. Nxg5 fxg5 17. Bxc6 Nxc6 18. Qxc6 Bf5 19. Rxe5 Qxd3 20. Rae1 Rac8 21. Qh6 Bg6 22. Re7 Rf7 23. Re8+ Rf8 24. Qxf8# {1-0 (24) Chernyak,V (2139)-Martin Iribar,A (1840) San Sebastian 2015}) 7. Qd2 h6 8. Nc3 Bg7 (8... d5 $6 9. exd5 Nxd5 {[#]} 10. Nxe5 $1 {[%mdl 512]} Nxe5 11. Bxd5 $18 (11. Nxd5 Bb7 $16)) 9. O-O Bb7 (9... d5 $2 10. exd5 Na5 11. a3 $18) 10. Nh4 Nd4 11. f4 exf4 $1 12. gxf4 Bf6 13. Nf3 Nxf3+ 14. Bxf3 d5 {[#] White must now prevent ...d4.} 15. exd5 ({White should try} 15. e5 $11 Bh4 16. Qg2) 15... Nxd5 16. f5 $1 {aiming for Rae1.} g5 17. Ne4 Kf8 18. Nxf6 Qxf6 19. Bf2 {Hoping for c4.} Bc6 $1 (19... Qxb2 $6 20. Rfb1 Qf6 21. c4 $16) 20. Bxd5 Bxd5 21. c4 Bb7 {Strongly threatening ...Qc6.} 22. d4 Kg7 23. d5 Rhe8 24. Qc2 Kg8 25. Rad1 Rad8 26. Be1 Qe5 27. Bc3 Qe3+ 28. Qf2 Bc8 29. Qxe3 Rxe3 30. Rde1 Rde8 31. f6 (31. Kf2 $5 {seems wilder.} Rxe1 32. Rxe1 Rxe1 33. Kxe1 Bxf5 34. Kd2) 31... Kh7 32. Kf2 Rxe1 33. Rxe1 (33. Bxe1 Bf5 34. Bc3 Bd3 $17) 33... Rxe1 34. Kxe1 $11 {[%mdl 4096] Endgame KB-KB} Kg6 35. Be5 Ba6 36. b3 Kf5 37. Bb8 {a4 is the strong threat.} b5 ({Of course not} 37... Kxf6 $6 38. a4 $16 (38. Bxa7 b5 $14)) 38. cxb5 ({Much weaker is} 38. Bxa7 bxc4 39. Bxc5 cxb3 40. axb3 Kxf6 $15) 38... Bxb5 39. a4 $1 {[%cal Ra4b5]} Bd7 40. Bxa7 c4 $2 {[%mdl 8192]} ({Better is} 40... Kxf6 $14 41. Bxc5 Ke5) 41. bxc4 $18 Bxa4 {Black wants to play ...Bb3.} 42. Kd2 h5 43. Kc3 h4 44. Kb4 Bd1 45. c5 $2 (45. Kb5 $18) 45... Ke5 $11 {The position is equal.} 46. c6 {[%cal Bc5c6,Bc6c7][%mdl 32]} Kxd5 47. c7 Bg4 48. Be3 1/2-1/2

[Event "EIWCC 2017"]
[Site "Riga"]
[Date "2017.04.11"]
[Round "1"]
[White "Paramzina, Anastasya"]
[Black "Vega Gutierrez, Sabrina"]
[Result "1/2-1/2"]
[WhiteElo "2202"]
[BlackElo "2413"]
[Annotator "TA"]
[PlyCount "146"]
[EventDate "2017.??.??"]
[EventType "swiss"]
[EventCountry "LAT"]
[SourceTitle "playchess.com"]
[Source "ChessBase"]
[SourceQuality "1"]

{[%evp 29,146,15,10,0,23,-14,0,0,6,0,8,15,6,13,8,13,4,17,17,0,17,8,13,3,14,8,11,4,7,3,9,3,9,0,0,-3,0,-8,4,0,0,-10,0,0,0,0,0,0,0,0,0,0,0,0,0,0,0,0,0,0,0,0,0,0,0,0,0,0,0,0,0,0,0,0,0,0,0,-80,0,0,0,0,0,0,0,0,0,0,0,-77,-80,-84,-80,-142,0,0,0,0,0,0,0,-80,0,0,0,-75,0,-75,0,0,0,0,0,0,0,0,0,0,0]} 1. e4 c5 2. Nf3 e6 3. d4 cxd4 4. Nxd4 Nc6 5. Nb5 d6 6. c4 Nf6 7. N1c3 a6 8. Na3 Be7 9. Be2 b6 10. O-O Bb7 11. Be3 O-O 12. Qb3 Nd7 13. Rac1 {B44: Sicilian: Taimanov: 5 Nb5} Rc8 (13... Rb8 14. Rfd1 Nc5 15. Qc2 Nb4 16. Qd2 Qc8 17. b3 Rd8 18. Nab1 d5 19. Nxd5 exd5 20. Qxb4 dxe4 21. Qxb6 Nd3 22. Rc2 Bd5 23. Qa7 Bc6 24. Qxe7 {1-0 (24) Ivanchuk,V (2747)-Najer,E (2679) Doha 2016}) 14. Rfd1 Re8 15. Rd2 Qc7 {LiveBook: 3 Games} 16. Qd1 Qb8 17. Nc2 $146 (17. f3 Ba8 18. Qf1 Bf8 19. Kh1 Nce5 20. Rdd1 Nf6 21. Nab1 {0-1 (104) Kortschnoj,V (2630)-Illescas Cordoba,M (2535) Pamplona 1990}) 17... Nce5 18. Qf1 Nf6 19. f3 d5 20. cxd5 exd5 21. Nxd5 Nxd5 22. exd5 Bd6 23. g3 (23. Bxa6 $2 Bxa6 24. Qxa6 Nc4 $19) 23... b5 24. b3 Nd7 {Hoping for ...Rxc2!} 25. Bd4 Bc5 26. Rcd1 Qd6 (26... Bxd5 $6 27. Bxc5 Rxc5 28. Nb4 $16) 27. Qf2 Nf6 (27... Bxd5 $2 28. Bxc5 Rxc5 29. Ne3 (29. b4 Rxc2 30. Rxc2 Qe6 $18) 29... Rxe3 30. Qxe3 $18) (27... Qxd5 $6 28. Be3 Bxe3 29. Nxe3 $16 (29. Rxd5 $2 Bxf2+ 30. Kxf2 Bxd5 $19)) 28. Bxc5 Rxc5 29. Ne3 Rc3 30. Rd3 Rxd3 31. Bxd3 Qe5 32. Re1 Qc3 33. Rd1 Qe5 34. Re1 Bxd5 ({Of course not} 34... Nxd5 35. Be4 Qc3 36. Nxd5 $14) 35. Nc2 Qc7 36. Rxe8+ Nxe8 37. Qe3 {[%cal Re3e8]} Nf6 38. Nd4 g6 39. Kf2 Nd7 40. Be4 Bxe4 41. Qxe4 ({Much worse is} 41. fxe4 Nf6 42. Ke2 h5 $17) 41... Qc5 42. Qe8+ Nf8 43. Qe3 h5 44. Ke2 Nh7 45. Qe8+ Kg7 46. Qe3 Qa3 47. Qd2 Nf6 48. b4 Nd5 {[#]} 49. Nxb5 $1 {[%mdl 512]} axb5 50. Qxd5 Qxb4 $11 {[%mdl 4096] Endgame KQ-KQ} 51. Kd3 {Threatens to win with Qd4+.} Qb1+ 52. Kc3 b4+ 53. Kd4 (53. Kd2 $1 $11) 53... Qg1+ (53... Qc2 $1 $17 54. Qe5+ Kh7) 54. Kd3 $1 Qxh2 55. Qe5+ Kh7 56. Qd5 $1 Kg8 57. Qd8+ Kg7 58. Qd4+ f6 59. Qd7+ (59. Qa7+ $11 {keeps the balance.} Kh6 60. Qe3+ g5 61. Qe7) 59... Kh6 $17 60. Qd6 Qxa2 61. Qxf6 ({White should play} 61. Qf8+ Kg5 62. Qc5+ f5 63. Qe7+ Kh6 64. Qf8+ Kh7 65. Qe7+ Kg8 66. Qxb4) 61... Qb3+ (61... Qd5+ $1 $17 62. Ke2 b3) 62. Ke2 $1 $11 Qc2+ 63. Kf1 $1 Qc1+ 64. Kg2 Qc2+ 65. Kh1 {[#]} (65. Kf1 $11) 65... Qd1+ ({Better is} 65... Qc8 $1 $17 {[%cal Rc8h3]} 66. g4 (66. Qf4+ Kg7 67. Qe5+ Kh7 68. Qe7+ Kg8 $17) 66... hxg4 67. Qh4+ Kg7 68. Qe7+ Kh8 69. Qf6+ Kh7 70. Qe7+ Kh6 71. Qh4+ Kg7 72. Qe7+ Kg8 73. Qxb4 gxf3 74. Qb3+ Kg7 75. Qxf3 Qc4) 66. Kg2 {Threatening mate with Qh8+.} Qe2+ 67. Kg1 (67. Kh3 $1 $11) 67... Qe3+ (67... Qe1+ $17 68. Kg2 Qe8 69. Qf4+ Kg7 70. Qxb4 Qe2+ 71. Kg1 Qxf3 72. Qe7+ Kg8) 68. Kg2 {[#]} (68. Kf1 $11 {remains equal.}) 68... Qc3 (68... Qe8 $1 $17 69. Qf4+ Kg7 70. Qxb4 Qe2+ 71. Kg1 Qxf3 72. Qe7+ Qf7) 69. Qf8+ {The position is equal.} Kh7 {And now ...b3 would win.} 70. Qe7+ Kg8 {...b3 is the strong threat.} 71. Qe8+ Kg7 {Strongly threatening ...b3.} 72. Qe7+ Kg8 {aiming for ...b3.} 73. Qe8+ Kg7 1/2-1/2

[Event "EIWCC 2017"]
[Site "Riga"]
[Date "2017.04.11"]
[Round "1"]
[White "Pavlidou, Ekaterini"]
[Black "Melia, Salome"]
[Result "1/2-1/2"]
[WhiteElo "2180"]
[BlackElo "2400"]
[Annotator "TA"]
[PlyCount "62"]
[EventDate "2017.??.??"]
[EventType "swiss"]
[EventCountry "LAT"]
[SourceTitle "playchess.com"]
[Source "ChessBase"]
[SourceQuality "1"]

{[%evp 18,62,2,0,15,0,0,0,13,0,3,-57,-31,-28,-41,-38,-53,-56,83,-35,-35,-83,86,85,81,81,70,88,73,84,90,62,73,75,62,64,86,86,118,78,116,100,166,132,169,98,125]} 1. Nf3 d5 2. c4 e6 3. g3 g6 4. Bg2 Bg7 5. O-O Ne7 6. d4 O-O 7. Na3 {A13: English Opening: 1...e6} Nbc6 8. e3 b6 9. Bd2 a5 {[%cal Ba7a5,Ba5a4][%mdl 32]} 10. Qb3 {LiveBook: 3 Games} Ba6 11. Rfc1 $146 (11. Rfd1) 11... Qd7 12. Be1 Rab8 13. Bf1 {next cxd5 is good for White.} Na7 14. Nd2 ({Better is} 14. Qd1 $11) 14... a4 15. Qd1 c5 16. Nf3 cxd4 17. Nxd4 dxc4 {[#]} (17... Rfd8 $15 {keeps the upper hand.}) 18. Nxc4 ({But not} 18. Bxc4 $6 Bxc4 19. Rxc4 (19. Nxc4 b5 20. Na5 Rfd8 $15) 19... b5 $11) (18. Nf5 $1 $16 {[%mdl 512]} Rfd8 (18... exf5 19. Qxd7) 19. Qxd7 (19. Nxg7 Kxg7 20. Nxc4 Qc6 $16) 19... Rxd7 20. Nxg7) 18... Rfd8 $15 19. Rab1 {[#]} e5 $2 {[#]} (19... Qe8 $1 $17 {Hoping for ...e5.} 20. f4 Bxc4 21. Rxc4 (21. Bxc4 Nf5 22. Qe2 Nxd4 23. exd4 b5 $17) 21... Nac6 22. Rxa4 (22. Qxa4 Bxd4 23. Rxd4 Nxd4 24. Qxe8+ Rxe8 $17) 22... b5) 20. Nxe5 $1 $16 {[%mdl 512]} Bxe5 21. Bxa6 Bxd4 22. Qxd4 Qxd4 23. exd4 {Strongly threatening Rc7.} Nac6 24. d5 $36 {[%mdl 2048] White is pushing.} Rxd5 {White should prevent ...b5.} 25. Bc4 Rdd8 26. Bf1 Nd4 27. Kg2 Nec6 28. Rc3 b5 29. Rc5 b4 (29... Re8 $16 {might work better.}) 30. Rbc1 $18 Rb6 31. Bc4 (31. R5c4 $18) 31... Re8 1/2-1/2

[Event "EIWCC 2017"]
[Site "Riga"]
[Date "2017.04.11"]
[Round "1"]
[White "Utiatskaja, Irina"]
[Black "Houska, Jovanka"]
[Result "1/2-1/2"]
[WhiteElo "2152"]
[BlackElo "2397"]
[Annotator "TA"]
[PlyCount "141"]
[EventDate "2017.??.??"]
[EventType "swiss"]
[EventCountry "LAT"]
[SourceTitle "playchess.com"]
[Source "ChessBase"]
[SourceQuality "1"]

{[%evp 20,141,29,17,20,22,22,0,0,0,0,-8,0,-22,0,-7,-22,-22,-17,-51,-51,-48,-59,-73,-56,-110,-104,-127,-118,-154,-168,-131,-92,-90,-97,-118,-99,-115,-99,-121,-44,-48,-43,-50,-50,-83,-81,-80,-53,-85,-77,-97,-98,-209,-210,-214,-211,-217,-219,-210,-209,-214,-213,-224,-194,-239,-251,-370,-348,-297,-274,-443,-427,-398,-370,-315,-109,-109,-103,-109,-8,-72,0,-109,-109,-109,-109,-109,-109,-109,0,0,0,0,0,0,0,0,0,-8,0,0,0,0,0,0,0,0,0,0,0,0,0,0,0,0,0,0,0,0,0,0,0,0]} 1. e4 c6 2. d4 d5 3. Nc3 dxe4 4. Nxe4 Bf5 5. Ng3 Bg6 6. Nf3 Nd7 7. Bd3 e6 8. O-O Ngf6 9. c4 Bd6 10. b3 O-O {B18: Classical Caro-Kann: 4...Bf5 sidelines} 11. Bb2 {LiveBook: 10 Games} a5 12. Bxg6 hxg6 13. Qe2 $146 (13. Ne5 a4 14. Qe2 Re8 15. Rfd1 Qe7 16. Rab1 axb3 17. axb3 Ra2 18. Ra1 Rea8 19. Rxa2 Rxa2 20. Ra1 {½-½ (20) Radulski,J (2497)-Izoria,Z (2573) Antalya 2004}) 13... a4 14. Rfd1 Qc7 15. Ne5 Rfd8 16. Nf1 Bf8 17. Nd3 b5 18. Ne5 bxc4 19. Qxc4 Nxe5 20. dxe5 Nd5 21. Rdc1 c5 22. bxa4 (22. g3 $15) 22... Qd7 $17 23. Rd1 Rdb8 24. Qe2 Qxa4 25. Rdc1 Qb5 26. Qxb5 Rxb5 27. Bc3 Ra3 28. Bd2 Rb2 29. Be3 Nxe3 (29... Ra4 $17 30. g3 c4) 30. Nxe3 $15 Raxa2 31. Rxa2 Rxa2 $17 {[%mdl 4096] Endgame KRB-KRN} 32. Nc4 g5 33. Kf1 f6 34. Nd6 Ra5 35. Nb7 Rb5 $1 {[%cal Rb5b7]} 36. Nd6 {[#]} (36. Nd8 $17 {was the only defense.}) 36... Bxd6 $1 $19 37. exd6 {Hoping for d7. KR-KR} Kf7 38. Ra1 {[#]} e5 $1 39. Ra7+ Ke6 40. d7 Ke7 41. d8=Q+ Kxd8 42. Rxg7 c4 {[%cal Bc5c4,Bc4c3][%mdl 32]} 43. Ke2 (43. Rf7 {was called for.} c3 44. Rf8+ Kd7 45. Rf7+ Kd8 46. Rf8+ Kd7 47. Rf7+ Ke6 48. Rc7) 43... Rb2+ 44. Ke3 c3 {Threatens to win with ...Rxf2!} 45. Rg8+ $2 (45. Ra7 c2 46. Ra8+ Kd7 47. Ra7+ Kc6 48. Kd2 c1=Q+ 49. Kxc1 Rxf2 50. h3) 45... Kd7 46. Rg7+ Kd6 {And now ...Rxf2! would win.} 47. Rg8 Rb1 $2 (47... Kc5 $19 48. Rf8 c2 49. Rc8+ Kd5) 48. Rc8 $17 Rc1 49. Kd3 Rf1 (49... Rh1 $17 50. Ke2 Rxh2) 50. Ke2 (50. f3 $1 $11 {remains equal.}) 50... Rc1 51. Kd3 Rh1 52. Ke2 Rxh2 53. g3 f5 54. Rxc3 f4 (54... g4 $17 55. Ra3 Rh1 56. Ra6+ Ke7) 55. Kf3 $11 {[#]The position is equal.} g4+ $1 {[%mdl 512]} 56. Kxg4 Rxf2 {aiming for ...Rg2.} 57. gxf4 Rxf4+ 58. Kg3 Rf8 59. Rf3 Ra8 (59... Rg8+ $5 60. Kf2 $8 Ra8 $11) 60. Rb3 $1 Rh8 61. Ra3 Ke6 62. Kg4 Rf8 (62... Rg8+ $5 63. Kf3 $8 Rh8 $11) 63. Ra6+ Kd5 64. Ra5+ Kd4 65. Ra4+ Kd5 66. Ra5+ Kd6 67. Ra6+ Kd7 68. Ra7+ Kc6 69. Ra6+ Kb5 70. Re6 Kc4 71. Rxe5 1/2-1/2

[Event "EIWCC 2017"]
[Site "Riga"]
[Date "2017.04.11"]
[Round "1"]
[White "Petrenko, Svetlana"]
[Black "Zimina, Olga"]
[Result "0-1"]
[WhiteElo "2136"]
[BlackElo "2395"]
[Annotator "TA"]
[PlyCount "150"]
[EventDate "2017.??.??"]
[EventType "swiss"]
[EventCountry "LAT"]
[SourceTitle "playchess.com"]
[Source "ChessBase"]
[SourceQuality "1"]

{[%evp 20,150,24,16,58,53,77,37,45,37,58,34,52,24,35,23,25,7,6,0,35,0,0,0,0,0,0,0,26,0,0,0,0,0,0,0,15,7,21,18,20,-22,-26,-31,-35,-37,-30,-14,8,11,20,0,0,-41,-19,-181,-231,-218,-228,-233,-235,-246,-224,-204,-166,-150,-111,-135,-134,-119,-19,-19,-19,-22,-19,-33,-46,-68,-52,-292,-282,-278,-268,-247,-229,-226,-239,-233,-194,-197,-188,-184,-190,-182,-183,-211,-224,-236,-233,-354,-220,-293,-241,-181,-143,-502,-457,-597,-574,-578,-564,-435,-395,-381,-251,-251,-251,-251,-251,-415,-414,-396,-389,-29981,-29982,-29982,-29983,-29984,-29985,-29984,-1160,-29985,-29986]} 1. d4 Nf6 2. c4 c5 3. d5 e6 4. Nc3 exd5 5. cxd5 d6 6. e4 g6 7. Nf3 Bg7 8. Bd3 O-O 9. O-O Bg4 10. h3 Bxf3 11. Qxf3 {LiveBook: 49 Games} Nfd7 {A70: Modern Benoni: 6 e4 g6 7 Nf3} (11... Nbd7 12. Qe2 a6 13. a4 Ne5 14. Bc2 Re8 15. f4 Ned7 16. Qf3 c4 17. Be3 Qa5 18. Rae1 b5 19. axb5 axb5 20. Ne2 b4 21. Bd4 {0-1 (39) Zubritskiy,A (2442)-Khalifman,A (2617) Tallinn 2016}) 12. Qg3 Ne5 13. Bc2 Na6 $146 {White is slightly better.} (13... Nbd7 14. b3 c4 15. Bb2 Nc5 16. Nd1 cxb3 17. axb3 Qb6 18. Kh1 Qb5 19. Nc3 {0-1 (32) Barnak,A (2043)-Hoensch,P Hungary 2007}) 14. a3 Nc7 15. f4 Nd7 16. Bd3 Rb8 17. a4 Na6 18. Nb5 Qe7 19. f5 Nb4 20. Bf4 (20. Nxa7 Bd4+ 21. Kh1 c4 22. Bxc4 (22. Bg5 $2 f6 23. Bxc4 fxg5 $19) 22... Bxa7 $15) 20... Ne5 21. Be2 a6 22. Na3 Rbd8 23. Rad1 Rfe8 24. b3 Bf6 25. Kh1 Bh4 26. Qc3 Nd7 27. Bf3 (27. Bh6 Qf6 28. Bd2 Rxe4 $17) 27... Bf6 (27... Bg5 $5 {looks sharper.} 28. Bg3 Bf6 29. Qd2 Be5 30. Bf2 Bf6) 28. Qd2 Ne5 29. Be2 Rb8 30. Nc2 Nxc2 31. Qxc2 b5 32. axb5 axb5 33. Ra1 Qb7 34. Ra5 b4 35. Bb5 Rf8 36. Bh6 Qb6 37. Qa2 $2 (37. Rfa1 $11 {and White is okay.}) 37... Bd8 $19 38. Bxf8 Kxf8 39. Ra1 Qxa5 40. Qxa5 Bxa5 41. Rxa5 {[%mdl 4096] Endgame KRB-KRN} Kg7 42. fxg6 fxg6 (42... hxg6 43. Kg1 $15) 43. Kg1 Kf6 44. Kf2 {[#]} Rb7 (44... c4 $1 $17 {[%mdl 512]} 45. bxc4 b3) 45. Ke3 $11 h5 46. g3 Kg5 47. Be2 h4 48. gxh4+ Kxh4 49. Ra1 $2 (49. Ra6 $15 Rd7 50. Bg4) 49... Kxh3 $19 50. Bf3 Kh4 (50... Nxf3 51. Kxf3 Rf7+ 52. Ke3 $17) 51. Be2 Kg5 52. Rg1+ Kf6 53. Rf1+ Ke7 54. Ra1 Rb8 55. Ra7+ Kf6 56. Ra6 Nf7 57. Bg4 {[#]} c4 $1 {[%mdl 512]} 58. bxc4 b3 {[%cal Bb4b3,Bb3b2][%mdl 32]} 59. Ra1 (59. Bd1 $142) 59... Ke5 60. Be2 b2 61. Rb1 Rb3+ 62. Bd3 $2 {[%mdl 8192]} (62. Kd2 $17 {nothing else works.}) 62... g5 63. Rf1 {[%csl Gd3,Ge4][%cal Rf1f5]} Nh6 64. Kd2 Kd4 65. Bb1 Rh3 66. Kc2 Rh2+ ({Weaker is} 66... Kxe4 67. Rd1 $15 (67. Kxb2+ Kd4 68. Rc1 Kc5 $19)) (66... Kxc4 67. Kxb2 g4 68. Rf6 $17) 67. Kb3 Ng4 $1 68. Rg1 Ne5 69. c5 $2 (69. Rxg5 Nxc4 70. Rg3 Nd2+ 71. Ka2) 69... Kxc5 ({Not} 69... Nf3 70. Rg4 Kxc5 71. Ka2 $19) 70. Rxg5 {[#]} Nc4 $1 {White must now prevent ...Rh3+.} 71. Rg8 $2 {[#]} (71. Rg3 $19 Nd2+ 72. Ka2) 71... Rh3+ $1 72. Kc2 Kd4 73. Ba2 Rc3+ 74. Kd1 Rc1+ 75. Ke2 Ra1 0-1

[Event "EIWCC 2017"]
[Site "Riga"]
[Date "2017.04.11"]
[Round "1"]
[White "De Seroux, Camille"]
[Black "Bulmaga, Irina"]
[Result "1/2-1/2"]
[WhiteElo "2122"]
[BlackElo "2394"]
[Annotator "TA"]
[PlyCount "101"]
[EventDate "2017.??.??"]
[EventType "swiss"]
[EventCountry "LAT"]
[SourceTitle "playchess.com"]
[Source "ChessBase"]
[SourceQuality "1"]

{[%evp 24,101,4,4,6,-12,-10,-14,0,-3,0,-3,-3,-16,0,-4,0,0,0,0,0,0,31,12,12,12,10,0,0,0,0,0,0,0,8,0,0,0,19,18,27,18,21,0,5,4,2,0,0,0,2,0,62,0,40,40,44,46,131,8,8,8,8,8,8,8,8,8,8,8,8,8,8,0,0,0,0,0,0,-8]} 1. e4 e5 2. Nf3 Nc6 3. d4 exd4 4. Nxd4 Nf6 5. Nc3 Bb4 6. Nxc6 bxc6 7. Bd3 O-O 8. O-O d5 9. exd5 cxd5 10. Bg5 c6 11. Qf3 Bd6 12. Rfe1 Rb8 13. Rab1 {LiveBook: 47 Games} Be6 {C47: Scotch Four Knights and Four Knights with 4 g3} (13... h6 14. Bxf6 Qxf6 15. Qxf6 gxf6 16. Ne2 Be5 17. b3 Be6 18. Ng3 Rfe8 19. Nf5 h5 20. Rbd1 c5 21. Ne3 {½-½ (54) Le Roux,J (2551)-Fressinet,L (2715) Belfort 2012}) 14. h3 h6 15. Bf4 Bxf4 16. Qxf4 c5 17. b3 Qa5 18. Ne2 Rfd8 $146 (18... c4 19. bxc4 dxc4 20. Bxc4 Bxc4 21. Qxc4 Rfc8 22. Qd4 {½-½ (22) Palm,W (2323)-Valinova,J (2354) ICCF email 2013}) 19. Ng3 Rb4 20. Qf3 Rb6 21. Nf5 Bxf5 22. Qxf5 c4 23. bxc4 Rxb1 ({Much worse is} 23... Qxa2 $6 24. Ra1 Qb2 25. Rxa7 $16) 24. Rxb1 Qxa2 25. Rb3 Qa1+ 26. Kh2 g6 27. Qf4 dxc4 $1 28. Qxc4 {aiming for Bxg6.} Qe5+ 29. g3 Kg7 30. Rb5 (30. Kg2 $5 {feels hotter.} Rd5 31. Qc3 Nd7 32. Qxe5+ Nxe5 33. Rb5) 30... Qd4 (30... Rd5 $5 {creates asymmetry.} 31. Rb7 Rd7 32. Rb5 Rd5) 31. Kg2 Qxc4 32. Bxc4 $11 {[%mdl 4096] Endgame KRB-KRN} Rd7 33. h4 h5 34. Kf3 Ng4 35. Bd5 Kf6 36. c4 Ke7 37. Rb2 Kd6 (37... Nf6 $11) 38. Kf4 (38. Ke4 $1 $14) 38... Ne5 {[#] Threatens to win with ...Nd3+.} 39. Ke4 Rc7 40. Kd4 f6 (40... Nc6+ $1 $14 41. Kc3 Kc5) 41. Rb8 (41. Ra2 $16) 41... Rxc4+ $1 {The position is equal.} 42. Bxc4 Nc6+ 43. Ke4 Nxb8 {KB-KN} 44. Bf7 g5 $1 45. Kf5 gxh4 46. gxh4 Ke7 47. Bxh5 {Hoping for Kg6.} Nd7 48. Be2 Kf7 49. h5 Kg7 50. Bb5 Nc5 51. f3 1/2-1/2

[Event "EIWCC 2017"]
[Site "Riga"]
[Date "2017.04.11"]
[Round "1"]
[White "Vidruska, Renate"]
[Black "Charochkina, Daria"]
[Result "0-1"]
[WhiteElo "2093"]
[BlackElo "2381"]
[Annotator "NA"]
[PlyCount "58"]
[EventDate "2017.??.??"]
[EventType "swiss"]
[EventCountry "LAT"]
[SourceTitle "playchess.com"]
[Source "ChessBase"]
[SourceQuality "1"]
[TimeControl "40/5400+30:1800+30"]

1. e4 {[%emt 0:00:00]} c6 {[%emt 0:00:15]} 2. d4 {[%emt 0:00:10]} d5 {[%emt 0:00:06]} 3. Nc3 {[%emt 0:00:25]} dxe4 {[%emt 0:00:07]} 4. Nxe4 {[%emt 0:00:07]} Bf5 {[%emt 0:00:08]} 5. Ng3 {[%emt 0:00:08]} Bg6 {[%emt 0:00:08]} 6. Bc4 {[%emt 0:00:51]} e6 {[%emt 0:01:45]} 7. N1e2 {[%emt 0:01:45]} Nf6 {[%emt 0:00:13]} 8. O-O {[%emt 0:05:23]} Bd6 {[%emt 0:01:22]} 9. f4 {[%emt 0:11:46]} Bf5 {[%emt 0:09:42]} 10. Bd3 {[%emt 0:03:46]} g6 {[%emt 0:03:05]} 11. c3 {[%emt 0:12:11]} Nbd7 {[%emt 0:04:53]} 12. Qc2 {[%emt 0:10:30]} O-O {[%emt 0:01:05]} 13. Ne4 {[%emt 0:01:02]} Nxe4 {[%emt 0:06:13]} 14. Bxe4 {[%emt 0:00:18]} Nf6 {[%emt 0:00:10]} 15. Ng3 {[%emt 0:09:58]} Nxe4 {[%emt 0:00:15]} 16. Nxe4 {[%emt 0:00:02]} c5 {[%emt 0:03:36]} 17. Qe2 {[%emt 0:11:11]} cxd4 {[%emt 0:31:42]} 18. cxd4 {[%emt 0:07:43]} Rc8 $15 {[%emt 0:00:32]} 19. Nf2 {[%emt 0:12:28]} Qb6 {[%emt 0:07:06]} 20. Be3 {[%emt 0:03:37]} Rc2 {[%emt 0:00:21]} 21. Qf3 {[%emt 0:00:02]} Rxb2 {[%emt 0:01:14]} 22. d5 {[%emt 0:04:22]} Bc5 {[%emt 0:00:35]} 23. Bxc5 {[%emt 0:00:16]} Qxc5 {[%emt 0:00:05]} 24. dxe6 {[%emt 0:00:11]} Bxe6 {[%emt 0:02:44]} 25. Rac1 {[%emt 0:01:20]} Qb6 {[%emt 0:00:25]} 26. a4 {[%emt 0:01:15]} Rd8 {[%emt 0:07:37]} 27. Rcd1 {[%emt 0:00:08]} Rxd1 {[%emt 0:01:28]} 28. Rxd1 {[%emt 0:00:03]} Bb3 {[%emt 0:00:36]} 29. a5 {[%emt 0:01:48]} Bxd1 {[%emt 0:00:24]} 0-1

[Event "EIWCC 2017"]
[Site "Riga"]
[Date "2017.04.12"]
[Round "2"]
[White "Muzychuk, Mariya"]
[Black "Yildiz, Betul Cemre"]
[Result "1-0"]
[WhiteElo "2546"]
[BlackElo "2367"]
[Annotator "TA"]
[PlyCount "79"]
[EventDate "2017.??.??"]
[EventType "swiss"]
[EventCountry "LAT"]
[SourceTitle "playchess.com"]
[Source "ChessBase"]
[SourceQuality "1"]

{[%evp 23,79,26,25,-8,43,43,87,80,83,44,64,65,95,116,198,139,127,133,144,176,208,229,315,246,262,202,268,286,411,421,447,435,547,539,531,385,380,387,466,450,407,450,561,570,632,639,615,608,623,612,793,733,701,679,1334,1322,1337,1337]} 1. d4 d5 2. c4 c6 3. Nc3 Nf6 4. cxd5 cxd5 5. Bf4 Nc6 6. e3 a6 7. Bd3 Bg4 8. Qb3 {D10: Slav Defence: 3 cxd5 (without early Nf3) and 3 Nc3} (8. Nge2 e6 9. Rc1 Bd6 10. Bg5 Bh5 11. a3 Bg6 12. Nf4 Bxf4 13. Bxf4 Bxd3 14. Qxd3 Nh5 15. Bg3 O-O 16. b4 Rc8 17. O-O Nxg3 18. hxg3 {½-½ (31) Sokolov,I (2626)-Akopian,V (2656) Dubai 2016}) 8... Na5 9. Qa4+ Bd7 10. Qc2 e6 11. Nf3 Rc8 12. O-O Be7 {LiveBook: 7 Games} 13. Ne5 b5 (13... Nh5 $11) 14. Qe2 $14 Qb6 15. Rac1 O-O 16. Bg5 $146 Bc6 17. f4 {[%cal Bf2f4,Bf4f5,Bf5e6][%mdl 32]} Nc4 18. f5 (18. Bxf6 Bxf6 19. Ng4 (19. Bxc4 bxc4 20. Rb1 Bb5 $11) (19. Nxc6 Rxc6 20. Kh1 g6 $11) (19. Qh5 g6 20. Qe2 Rc7 $15) 19... Bd8 $11) 18... Rc7 (18... Qc7 $16) 19. Bxf6 (19. Bxc4 bxc4 20. Rf2 (20. fxe6 fxe6 21. Rf2 Be8 $14) 20... h6 $14) ({Better is} 19. Nxc6 $18 Rxc6 20. Bxf6 Bxf6 21. fxe6 fxe6 22. Qh5) 19... Bxf6 $16 20. Ng4 $36 {[%mdl 2048] White has strong initiative.} (20. Bxc4 bxc4 21. Ng4 (21. Nxc6 Qxc6 22. fxe6 fxe6 $11) 21... e5) 20... Bg5 21. fxe6 f6 ({Of course not} 21... h5 {[#]} 22. h4 $1 {[%mdl 512]}) 22. b3 Nd6 23. Qf2 {[#] Black must now prevent h4.} b4 24. Ne2 {aiming for h4.} ({Don't take} 24. Na4 Bxa4 25. bxa4 Rxc1 26. Rxc1 f5 $18) 24... Bb5 25. Rxc7 {Threatens to win with e7.} Qxc7 (25... Bxd3 {might work better.} 26. Rd7 Nf5) 26. Bxb5 $18 Nxb5 27. h4 Bh6 28. Nxh6+ gxh6 29. Qg3+ Qxg3 30. Nxg3 {[%mdl 4096] Endgame KRN-KRN} Nc3 31. Nh5 Ne4 32. Rf5 Re8 {White is clearly winning.} 33. Rxf6 Nc3 34. Rxh6 Re7 35. Nf4 Kg7 36. Rh5 Nxa2 37. Rg5+ Kf8 38. Rxd5 Nc1 39. Rf5+ Ke8 40. d5 1-0